MARC

LEADER 00000nam0a2200000 4500
001 70326
005 20231031081351.0
035 |a (RuTPU)RU\TPU\book\74885 
090 |a 70326 
100 |a 20041122d1959 km y0rusy50 ca 
101 0 |a rus 
102 |a RU 
105 |a a g 000zy 
200 1 |a Справочник мастера-сантехника  |f Б. А. Журавлев, С. Н. Лисицын 
205 |a 2-е изд., перераб. 
210 |a Москва  |c Госстройиздат  |d 1959 
215 |a 328 с.  |c ил. 
610 1 |a сантехника 
610 1 |a трубы 
610 1 |a ГОСТы 
610 1 |a арматура 
610 1 |a трубные резьбы 
610 1 |a прокатная сталь 
610 1 |a оборудование 
610 1 |a нагревательные приборы 
610 1 |a вентиляторы 
610 1 |a котлы 
610 1 |a насосы 
610 1 |a средства крепления 
610 1 |a работы 
610 1 |a организация 
610 1 |a замеры 
610 1 |a сварочные работы 
610 1 |a трубопроводы 
610 1 |a монтаж 
610 1 |a справочники 
675 |a 628(035)  |v 3 
700 1 |a Журавлев  |b Б. А.  |g Борис Алексеевич 
701 1 |a Лисицын  |b С. Н.  |g Сергей Николаевич 
801 1 |a RU  |b 63413507  |c 20041122  |g PSBO 
801 2 |a RU  |b 63413507  |c 20161010  |g PSBO 
942 |c BK